Código de las leyes de agentes mediadores oficiales, bolsas y mercado de valores mobiliarios / (Record no. 44786)

MARC details
000 -LEADER
campo de control de longitud fija 00551nam a2200157 i 4500
001 - NÚMERO DE CONTROL
campo de control 44786
003 - IDENTIFICADOR DE NÚMERO DE CONTROL
campo de control ES-MaACL
007 - CAMPO FIJO DE DESCRIPCIÓN FÍSICA--INFORMACIÓN GENERAL
campo de control de longitud fija t|
008 - DATOS DE LONGITUD FIJA--INFORMACIÓN GENERAL
campo de control de longitud fija 030324s1983 sp ||||1| spa d
245 00 - MENCIÓN DEL TÍTULO
Título Código de las leyes de agentes mediadores oficiales, bolsas y mercado de valores mobiliarios /
Mención de responsabilidad, etc. José Ramón Cano Rico ; prólogo de Ignacio Arroyo.
260 ## - PUBLICACIÓN, DISTRIBUCIÓN, ETC.
Lugar de publicación, distribución, etc. [Madrid] :
Nombre del editor, distribuidor, etc. Tecnos,
Fecha de publicación, distribución, etc. [1983]
300 ## - DESCRIPCIÓN FÍSICA
Extensión 738 p. ;
Dimensiones 22 cm.
700 1# - ENTRADA AGREGADA--NOMBRE PERSONAL
Nombre de persona Cano Rico, José Ramón.
9 (RLIN) 34566
700 1# - ENTRADA AGREGADA--NOMBRE PERSONAL
Nombre de persona Arroyo Martínez, Ignacio.
9 (RLIN) 23375
852 ## - LOCALIZACIÓN
Ubicación ES-MaACL
Número de control de estantería L-4830
Sublocalización o colección R.105130
Holdings
Estatus retirado Estado de pérdida Estado de daño No para préstamo Biblioteca de origen Biblioteca actual Ubicación en estantería Fecha de adquisición Fuente de adquisición Total de préstamos Signatura topográfica completa Código de barras Visto por última vez Precio de reemplazo Tipo de ítem Koha
        Biblioteca del Ateneo de Madrid Biblioteca del Ateneo de Madrid Depósito 2 17/01/2008     L-4830 1047134 23/02/2023 23/02/2023 Libro impreso